Тест на общие знания №42 - Statistics

General Stats
  • This quiz has been taken 36 times
  • The average score is 10 of 20
Answer Stats
Вопрос Ответ % Correct
Назовите максимальное количество суффиксов, которое может быть в слове в русском языке три
91%
Каким жанром произведений известны Эзоп, Сергей Михалков и Иван Крылов? басня
87%
Антагонистом какого романа является клоун по имени Пеннивайз? "Оно"
83%
В каком разделе математики можно столкнуться с такими терминами, как синус, косинус и тангенс? тригонометрия
70%
Какой прибор измеряет скорость? спидометр
70%
Название какого химического элемента на латинском звучит как "silicium"? кремний
57%
Кто сказал: "Дайте мне точку опоры, и я переверну Землю"? Архимед
57%
Сколько будет log2(1)? 0
57%
Без чего может прожить анаэроб, без чего не может прожить аэроб? кислород
52%
В каком произведении Уильяма Шекспира была фраза "Неладно что-то в Датском королевстве"? "Гамлет"
52%
Какая зона соединяет Флориду, Пуэрто-Рико и Бермудские острова? Бермудский треугольник
52%
К каким металлам относятся натрий, калий и литий? щелочные
43%
Назовите феминитив слова "поп" попадья
39%
Какая паразитическая инфекция поражает злаки? спорынья
26%
Какой бог является главным героем романа Фридриха Ницше? Заратустра
26%
Какую страну принято называть "кладбищем империй"? Афганистан
22%
Слоган какого сериала звучит как: "Я хочу верить"? "Секретные материалы"
22%
Название какой известной рок-группы созвучно с названием средневековой пытки? "Iron Maiden"
22%
Какое животное в 2013-м году стало символом Общества охраны уродливых животных? рыба-капля
17%
Их несколько тысяч в Европе, несколько десятков в Америке, и всего пять в Австралии. Что это? замки
17%
No matching quizzes found
Score Distribution
Percent of People with Each Score
Percentile by Number Answered
Your Score History
You have not taken this quiz